Statistics for Central American Capitals Quiz

Click here to take the quiz!

General Stats

  • This quiz has been taken 99 times
  • The average score is 11 of 14

Answers on the Map

Answers color-coded by a green-red scale on the quiz's map according to % correct below.
 

Answer Stats

Answer% Correct
Havana
94%
Panama City
91%
Guatemala City
89%
San Salvador
87%
Kingston
83%
Managua
81%
Tegucigalpa
79%
Belmopan
77%
San Jose
77%
Santo Domingo
77%
Port-au-Prince
72%
Nassau
70%
Port of Spain
70%
San Juan
57%

Score Distribution

Percentile by Number Answered

Percent of People with Each Score

Your Score History

You have not taken this quiz